Aerobiological engineering handbook : (Record no. 19353)
[ view plain ]
| 000 -LEADER | |
|---|---|
| fixed length control field | 01053cam a2200301 a 4500 |
| 001 - CONTROL NUMBER | |
| control field | 14171590 |
| 005 - DATE AND TIME OF LATEST TRANSACTION | |
| control field | 20150514114341.0 |
| 008 - FIXED-LENGTH DATA ELEMENTS--GENERAL INFORMATION | |
| fixed length control field | 051117t2006 nyuad frbd 001 0 eng d |
| 020 ## - INTERNATIONAL STANDARD BOOK NUMBER | |
| International Standard Book Number | 0071402454 |
| 020 ## - INTERNATIONAL STANDARD BOOK NUMBER | |
| International Standard Book Number | 9780071402453 |
| 040 ## - CATALOGING SOURCE | |
| Original cataloging agency | DLC |
| Transcribing agency | DLC |
| Language of cataloging | eng |
| Modifying agency | DLC |
| -- | EG-ScBUE |
| 082 04 - DEWEY DECIMAL CLASSIFICATION NUMBER | |
| Classification number | 697.9324 |
| Item number | KOW |
| Edition number | 22 |
| 100 1# - MAIN ENTRY--PERSONAL NAME | |
| Personal name | Kowalski, Wladyslaw Jan. |
| 9 (RLIN) | 38013 |
| 245 10 - TITLE STATEMENT | |
| Title | Aerobiological engineering handbook : |
| Remainder of title | a guide to airborne disease control technologies / |
| Statement of responsibility, etc | Wladyslaw Jan Kowalski. |
| 260 ## - PUBLICATION, DISTRIBUTION, ETC. (IMPRINT) | |
| Place of publication, distribution, etc | New York : |
| Name of publisher, distributor, etc | The McGraw-Hill Companies, |
| Date of publication, distribution, etc | c.2006. |
| 300 ## - PHYSICAL DESCRIPTION | |
| Extent | xviii, 846 p. : |
| Other physical details | chart, tables ; |
| Dimensions | 24 cm. |
| 490 0# - Series Statement | |
| Series statement | McGraw-Hill handbooks |
| 500 ## - GENERAL NOTE | |
| General note | Index : p. 821-846. |
| 500 ## - GENERAL NOTE | |
| General note | Glossary : p. 811-820. |
| 500 ## - GENERAL NOTE | |
| General note | Includes appendices. |
| 504 ## - BIBLIOGRAPHY, ETC. NOTE | |
| Bibliography, etc | Includes bibliographical references. |
| 650 #7 - SUBJECT ADDED ENTRY--TOPICAL TERM | |
| Topical term or geographic name as entry element | Air filters. |
| Source of heading or term | BUEsh |
| 9 (RLIN) | 38014 |
| 650 #7 - SUBJECT ADDED ENTRY--TOPICAL TERM | |
| Topical term or geographic name as entry element | Airborne infection |
| General subdivision | Prevention. |
| Source of heading or term | BUEsh |
| 9 (RLIN) | 38015 |
| 650 #7 - SUBJECT ADDED ENTRY--TOPICAL TERM | |
| Topical term or geographic name as entry element | Air |
| General subdivision | Microbiology. |
| Source of heading or term | BUEsh |
| 9 (RLIN) | 38016 |
| 653 ## - INDEX TERM--UNCONTROLLED | |
| Resource For college | Engineering, General |
| Arrived date list | May2015 |
| 655 ## - INDEX TERM--GENRE/FORM | |
| Form subdivision | |
| -- | 34232 |
| 942 ## - ADDED ENTRY ELEMENTS (KOHA) | |
| Source of classification or shelving scheme | Dewey Decimal Classification |
| Call number prefix | 697.9324 KOW |
| Withdrawn status | Item status | Source of classification or shelving scheme | Damaged status | Not for loan | Vendor | Home library | Current library | Shelving location | Date acquired | Source of acquisition | Cost, normal purchase price | Serial Enumeration / chronology | Total Checkouts | Full call number | Barcode | Date last seen | Cost, replacement price | Koha item type |
|---|---|---|---|---|---|---|---|---|---|---|---|---|---|---|---|---|---|---|
| Dewey Decimal Classification | Alahram | Central Library | Central Library | First floor | 13/05/2015 | 865.40 | 329 | 697.9324 KOW | 000038214 | 15/07/2025 | 1081.75 | Book - Borrowing |